Curso moderno para el piano : el libro del primer grado parte I

Este es un método de primer grado, escrito todo para usar la posición de cinco dedos; no obstante ejemplos de mayor extensión se encuentran hacia el final. Es para cualquier alumno de edad promedio que haya echo algún trabajo preparatorio de piano en un texto adecuado.

Detalles Bibliográficos
Autor principal: Thompson, John 1889-1963
Formato: Libro
Lenguaje:español
Publicado: Florence, Kentucky : The Willis Music, 1936.
Materias:
Acceso en línea:

MARC

LEADER 00000cam a2200000 a 4500
001 000224
003 UAHC_CL
005 20180312114708.0
008 170717n xxu 000 spa
952 |0 0  |1 0  |2 ddc  |4 0  |6 786_310000000000000_THO  |7 0  |8 COMP  |9 88526  |a BS  |b BS  |c General  |d 2017-08-15  |l 3  |m 5  |o 786.31 THO  |p 1450084  |r 2025-11-26 00:00:00  |s 2022-03-29  |t c.1 v.1  |w 2017-08-15  |y BK  |A 55  |B CMUS  |C 41 
952 |0 0  |1 0  |2 ddc  |4 0  |6 786_310000000000000_THO  |7 0  |8 COMP  |9 88527  |a BS  |b BS  |c General  |d 2017-08-15  |l 6  |m 13  |o 786.31 THO  |p 1450085  |r 2025-11-26 00:00:00  |s 2023-10-30  |t c.1 v.2  |w 2017-08-15  |y BK  |A 55  |B CMUS  |C 41 
999 |c 49593  |d 49593 
020 |a 9781458494283 
040 |a UAHC_CL  |c UAHC_CL  |d UAHC_CL 
082 0 4 |a 786.31  |b T468  |2 20 
100 1 |a Thompson, John  |d 1889-1963 
245 1 0 |a Curso moderno para el piano :  |b el libro del primer grado parte I   |c John Thompson. 
260 |a Florence, Kentucky :  |b The Willis Music,  |c 1936. 
300 |a 1 partitura (2 v.) 
500 |a Incluye partituras. 
520 |a Este es un método de primer grado, escrito todo para usar la posición de cinco dedos; no obstante ejemplos de mayor extensión se encuentran hacia el final. Es para cualquier alumno de edad promedio que haya echo algún trabajo preparatorio de piano en un texto adecuado. 
650 0 |a  Piano  |x Estudio e instrucción  |9 2269 
650 0 |a Música para piano  |x Repertorio de enseñanza  |9 2270 
650 0 |a Piano  |x Estudios y ejercicios  |x Juvenil  |9 2271 
900 |a 786.31 THO 
942 |c BK  |2 ddc